00429pab a2200133 454500008004000000100002100040245012800061260000900189300001400198362000800212650002700220650001800247773003000265180718b2002 xxu||||| |||| 00| 0 eng d aBen-Arieh, Asher aWho is for kids and who is just kidding? Members of the Israeli Knesset's activities on children's issues between 1990-2001 c2002 ap.335-46. aOct aChild welfare - Israel aChild welfare aSocial Policy and Society